<?xml version="1.0" encoding="UTF-8"?>
<record
    xmlns:xsi="http://www.w3.org/2001/XMLSchema-instance"
    xsi:schemaLocation="http://www.loc.gov/MARC21/slim http://www.loc.gov/standards/marcxml/schema/MARC21slim.xsd"
    xmlns="http://www.loc.gov/MARC21/slim">

  <leader>00347nam a22001457a 4500</leader>
  <controlfield tag="005">20250307154943.0</controlfield>
  <controlfield tag="008">250307b        |||||||| |||| 00| 0 eng d</controlfield>
  <datafield tag="041" ind1=" " ind2=" ">
    <subfield code="a">Eng.</subfield>
  </datafield>
  <datafield tag="100" ind1=" " ind2=" ">
    <subfield code="a">Dhumal, K. N. &amp; Others</subfield>
  </datafield>
  <datafield tag="245" ind1=" " ind2=" ">
    <subfield code="a">Plant Morphology Sem.- II  F. Y. B. Sc.</subfield>
  </datafield>
  <datafield tag="250" ind1=" " ind2=" ">
    <subfield code="a">1st ed.</subfield>
  </datafield>
  <datafield tag="260" ind1=" " ind2=" ">
    <subfield code="a">Pune</subfield>
    <subfield code="b">Nirali</subfield>
  </datafield>
  <datafield tag="300" ind1=" " ind2=" ">
    <subfield code="a">R.1</subfield>
  </datafield>
  <datafield tag="942" ind1=" " ind2=" ">
    <subfield code="c">BK</subfield>
  </datafield>
  <datafield tag="999" ind1=" " ind2=" ">
    <subfield code="c">365402</subfield>
    <subfield code="d">365402</subfield>
  </datafield>
  <datafield tag="952" ind1=" " ind2=" ">
    <subfield code="0">0</subfield>
    <subfield code="1">0</subfield>
    <subfield code="2">ddc</subfield>
    <subfield code="4">0</subfield>
    <subfield code="7">0</subfield>
    <subfield code="a">SSMM</subfield>
    <subfield code="b">SSMM</subfield>
    <subfield code="d">2025-03-07</subfield>
    <subfield code="e">Nirali</subfield>
    <subfield code="g">85.00</subfield>
    <subfield code="i">P 69148</subfield>
    <subfield code="l">6</subfield>
    <subfield code="p">SSMM-BK-32286</subfield>
    <subfield code="r">2026-03-14 13:44:44</subfield>
    <subfield code="s">2026-03-04</subfield>
    <subfield code="w">0000-00-00</subfield>
    <subfield code="y">BK</subfield>
    <subfield code="z">010032286</subfield>
  </datafield>
  <datafield tag="952" ind1=" " ind2=" ">
    <subfield code="0">0</subfield>
    <subfield code="1">0</subfield>
    <subfield code="2">ddc</subfield>
    <subfield code="4">0</subfield>
    <subfield code="7">0</subfield>
    <subfield code="a">SSMM</subfield>
    <subfield code="b">SSMM</subfield>
    <subfield code="d">2025-03-07</subfield>
    <subfield code="e">Nirali</subfield>
    <subfield code="g">85.00</subfield>
    <subfield code="i">P 69148</subfield>
    <subfield code="l">8</subfield>
    <subfield code="p">SSMM-BK-32287</subfield>
    <subfield code="q">2026-04-08</subfield>
    <subfield code="r">2026-04-01 11:39:41</subfield>
    <subfield code="s">2026-04-01</subfield>
    <subfield code="w">0000-00-00</subfield>
    <subfield code="y">BK</subfield>
    <subfield code="z">010032287</subfield>
  </datafield>
  <datafield tag="952" ind1=" " ind2=" ">
    <subfield code="0">0</subfield>
    <subfield code="1">0</subfield>
    <subfield code="2">ddc</subfield>
    <subfield code="4">0</subfield>
    <subfield code="7">0</subfield>
    <subfield code="a">SSMM</subfield>
    <subfield code="b">SSMM</subfield>
    <subfield code="d">2025-03-07</subfield>
    <subfield code="e">Nirali</subfield>
    <subfield code="g">85.00</subfield>
    <subfield code="i">P 69148</subfield>
    <subfield code="l">8</subfield>
    <subfield code="p">SSMM-BK-32288</subfield>
    <subfield code="q">2026-04-08</subfield>
    <subfield code="r">2026-04-01 10:49:56</subfield>
    <subfield code="s">2026-04-01</subfield>
    <subfield code="w">0000-00-00</subfield>
    <subfield code="y">BK</subfield>
    <subfield code="z">010032288</subfield>
  </datafield>
  <datafield tag="952" ind1=" " ind2=" ">
    <subfield code="0">0</subfield>
    <subfield code="1">0</subfield>
    <subfield code="2">ddc</subfield>
    <subfield code="4">0</subfield>
    <subfield code="7">0</subfield>
    <subfield code="a">SSMM</subfield>
    <subfield code="b">SSMM</subfield>
    <subfield code="d">2025-03-07</subfield>
    <subfield code="e">Nirali</subfield>
    <subfield code="g">85.00</subfield>
    <subfield code="i">P 69148</subfield>
    <subfield code="l">10</subfield>
    <subfield code="p">SSMM-BK-32289</subfield>
    <subfield code="r">2026-03-12 14:18:22</subfield>
    <subfield code="s">2026-03-11</subfield>
    <subfield code="w">0000-00-00</subfield>
    <subfield code="y">BK</subfield>
    <subfield code="z">010032289</subfield>
  </datafield>
  <datafield tag="952" ind1=" " ind2=" ">
    <subfield code="0">0</subfield>
    <subfield code="1">0</subfield>
    <subfield code="2">ddc</subfield>
    <subfield code="4">0</subfield>
    <subfield code="7">0</subfield>
    <subfield code="a">SSMM</subfield>
    <subfield code="b">SSMM</subfield>
    <subfield code="d">2025-03-07</subfield>
    <subfield code="e">Nirali</subfield>
    <subfield code="g">85.00</subfield>
    <subfield code="i">P 69148</subfield>
    <subfield code="l">3</subfield>
    <subfield code="p">SSMM-BK-32290</subfield>
    <subfield code="r">2026-03-14 15:21:46</subfield>
    <subfield code="s">2026-03-10</subfield>
    <subfield code="w">0000-00-00</subfield>
    <subfield code="y">BK</subfield>
    <subfield code="z">010032290</subfield>
  </datafield>
</record>
